| 000 | 00440nam a2200133 4500 | ||
|---|---|---|---|
| 999 |
_c10610 _d10610 |
||
| 008 | 180907b ||||| |||| 00| 0 eng d | ||
| 022 | _a2094-8042 | ||
| 082 | _aDPer 370.105 M72 Jan-Dec 2011 v59-60 | ||
| 245 |
_aThe right to learn: _bthe women of Malolos and Rizal. |
||
| 260 |
_aPhilippines: _bIn the Grade School, Inc., _cc2011. |
||
| 300 |
_av60 n3, pages 95-98: _billustrations; _c27cm. |
||
| 650 | 0 |
_931032 _aWomen. |
|
| 942 |
_2ddc _cPER |
||